|
|
|
|
| LEADER |
01049nam a2200277 i 4500 |
| 001 |
c000045505 |
| 003 |
CARM |
| 005 |
00000000000000.0 |
| 008 |
800321s1978 at b 00110 eng d |
| 019 |
1 |
|
|a 1688468
|z 42836114
|5 LACONCORD2021
|
| 020 |
|
|
|a 0702213152 :
|c unpriced
|
| 035 |
|
|
|a (OCoLC)27526464
|5 LACONCORD2021
|
| 042 |
|
|
|a anuc
|
| 100 |
1 |
|
|a Cluley, J. C.
|q (John Charles)
|
| 245 |
1 |
0 |
|a Programming for minicomputers /
|c [by] John Charles Cluley.
|
| 260 |
|
|
|a St. Lucia, Q. :
|b Queensland University Press,
|c 1978.
|
| 300 |
|
|
|a 1 vol.
|
| 500 |
|
|
|a Minicomputer systems. Programming. Manuals (ANB/PRECIS SIN 0232866)
|
| 500 |
|
|
|a Index.
|
| 500 |
|
|
|a First published, New York: Crane, Russak & Co., 1977.
|
| 504 |
|
|
|a Bibliography.
|
| 650 |
|
0 |
|a Minicomputers
|x Programming.
|
| 852 |
8 |
|
|b CARM
|h A2:AH37C0
|i B03499
|p 0095863
|f BK
|
| 082 |
0 |
4 |
|a 001.642
|
| 999 |
f |
f |
|i 3344c771-f687-5d85-a99e-9b26bafacd01
|s 16c18bcf-a1c7-5fb7-bcbd-6e49ed079436
|
| 952 |
f |
f |
|p Can circulate
|a CAVAL
|b CAVAL
|c CAVAL
|d CARM 1 Store
|e B03499
|f A2:AH37C0
|h Other scheme
|i book
|m 0095863
|